| 000 | nam a22 7a 4500 | ||
|---|---|---|---|
| 999 |
_c356107 _d356107 |
||
| 003 | NUST | ||
| 005 | 20180122110018.0 | ||
| 008 | 180122b xxu||||| |||| 00| 0 eng d | ||
| 020 | _a9788120346192 | ||
| 040 | _c0 | ||
| 082 | _a551.49 AGA | ||
| 100 |
_aAgarwal,V.C. _99467 |
||
| 245 |
_aGroundwater Hydrology _cV.C.Agarwal |
||
| 260 |
_aNew Delhi _bPHI Learning _c2012 |
||
| 300 | _a360p. | ||
| 500 | _aP.B | ||
| 942 |
_2ddc _cBK _kIESE |
||